000 00593nam a22002297a 4500
003 UA-OsUOA
001 281
007 ta
008 20050525b un ||||| |||| 00| 0 ukr d
100 _aКаверин В.
090 _a821.161.1
_bК12
942 _cBK
040 _aUA-OsUOA
_brus
_cUA-OsUOA
_dUA-OsUOA
245 _aДва капитана
_bРоман
300 _a745 с.
955 _a3
041 _arus
080 _a821.161.1
260 _aМ.
_bМол.гвардия
_c1966
650 7 _a82 Література. Літературознавство
_2UDC
999 _c286450
_d286450